|
|
|
|
| LEADER |
00000nam0a2200000 4500 |
| 001 |
104552 |
| 005 |
20231031114046.0 |
| 035 |
|
|
|a (RuTPU)RU\TPU\book\112737
|
| 090 |
|
|
|a 104552
|
| 100 |
|
|
|a 20061102d1979 m y0rusy50 ca
|
| 101 |
0 |
|
|a rus
|
| 102 |
|
|
|a RU
|
| 105 |
|
|
|a a z 001zy
|
| 200 |
1 |
|
|a Эндогенные месторождения вольфрама и условия их формирования
|f М. М. Повилайтис
|
| 210 |
|
|
|a Москва
|c Недра
|d 1979
|
| 215 |
|
|
|a 152 с.
|c ил.
|
| 320 |
|
|
|a Библиогр.: с. 150-152.
|
| 610 |
1 |
|
|a вольфрамовые месторождения
|
| 610 |
1 |
|
|a геология
|
| 610 |
1 |
|
|a классификация
|
| 610 |
1 |
|
|a провинции
|
| 610 |
1 |
|
|a вольфрамовое оруденение
|
| 675 |
|
|
|a 553.463
|v 3
|
| 700 |
|
1 |
|a Повилайтис
|b М. М.
|g Маргарита Максимовна
|
| 801 |
|
1 |
|a RU
|b 63413507
|c 20061102
|g PSBO
|
| 801 |
|
2 |
|a RU
|b 63413507
|c 20070530
|g PSBO
|
| 942 |
|
|
|c BK
|